Escuela y multimedia /

El autor hace un recuento de términos necesarios para la comprensión de los multimedia en la dimensión educativa y señala los desafíos a los que la escuela se enfrenta al usarlos como herramienta didáctica. Analiza desde una perspectiva pedagógica, los recursos bibliográficos disponibles. Muestra có...

Disgrifiad llawn

Wedi'i Gadw mewn:
Manylion Llyfryddiaeth
Prif Awdur: Carrier, Jean-Pierre (autor)
Fformat: Llyfr
Iaith:Sbaeneg
Cyhoeddwyd: México : Siglo XXI, 2002, c2002
Pynciau:
Tagiau: Ychwanegu Tag
Dim Tagiau, Byddwch y cyntaf i dagio'r cofnod hwn!

MARC

LEADER 00000nam^a2200000^a^4500
001 000136757
005 20250521000000.0
009 20260310095329.803
020 |a 968-23-2345-2 
037 |a Acervo ITESO - Biblioteca 
041 |a ESP 
082 |a 371. 334  |b CAR 
100 |a Carrier, Jean-Pierre  |e (autor) 
245 1 0 |a Escuela y multimedia /  |c Carrier, Jean-Pierre ; tr. por Tatiana Sule Fernández. 
264 4 |a México :  |b Siglo XXI,  |c 2002, c2002 
300 |a 188 p. 
336 |a texto  |b txt  |2 rdacontenido 
337 |a sin mediación  |b n  |2 rdamedio 
338 |a volumen  |b nc  |2 rdasoporte 
500 |a Traducción de: L'école et le multimédia 
520 |a El autor hace un recuento de términos necesarios para la comprensión de los multimedia en la dimensión educativa y señala los desafíos a los que la escuela se enfrenta al usarlos como herramienta didáctica. Analiza desde una perspectiva pedagógica, los recursos bibliográficos disponibles. Muestra cómo la información y la investigación documental ya no pueden pasar por alto el aporte que hacen, hoy día, las nuevas tecnologías como es el Internet. 
649 |a XX 
650 |a Medios Audiovisuales 
650 |a Multimedia 
650 |a Internet 
650 |a Tecnologías de Comunicación e Información 
650 |a Medios de Comunicación 
650 |a Comunicación Masiva 
650 |a Computadoras en la Educación 
650 |a Museos y Educación 
650 |a Apoyos Didácticos 
650 |a Comunicación Educativa 
650 |a Sistema Escolar 
650 |a Educación Formal 
910 |a Fondo General 
920 |a Impresos - Libros 
930 |a Colección General 
905 |a 101 
901 |a 0500065458  |b IT1  |c ACC  |u 20250521 
902 |a https://opac.biblio.iteso.mx/vufind/Record/000136757